00829nac a22002537a 4500001001000000003000900010005001700019008003400036040005400070072000800124110007500132245007900207260003600286300001100322490009300333650001300426650002100439650001800460650002000478650002100498650002400519650001300543650001900556BR7907432BR-BrBNA20240105114537.0230509b bl.|||m| |||| 00| 0 por d aBR-BrBNAbporcBiblioteca Nacional de Agricultura aF001 aServico Nacional de Formacao Profissional Rural, Brasilia, DF (Brasil)1 aProdutor de mandioca [pratica cultural, cultivo do solo, maquina agricola]3 aBrasilia, DF (Brasil): c1979.  a420 p. aColecao Basica Rural - Servico Nacional de Formacao Profissional Rural (Brazil)vno. 5x aMANDIOCA aPRATICA CULTURAL aARMAZENAMENTO aCULTIVO DO SOLO aMAQUINA AGRICOLA aIMPLEMENTO AGRICOLA aADUBACAO aDEFESA VEGETAL